| 000 | 00546nam a2200193Ia 4500 | ||
|---|---|---|---|
| 005 | 20250923144421.0 | ||
| 008 | 008 250917s9999 xx 000 0 eng d | ||
| 037 | _aTextual | ||
| 040 |
_aDSWL _beng _cDSWL |
||
| 041 |
_aeng _2eng |
||
| 084 |
_aYX,ZB;6-L8, N44;1 _qDSWL |
||
| 100 |
_aFrench, Ormsby _9824697 |
||
| 245 | 0 |
_aPsychoanalytic orientation in case work _cby French |
|
| 260 | _c1948 | ||
| 300 | _a51 p. | ||
| 700 |
_a Ormsby _9824698 |
||
| 942 |
_cTEXL _hYX,ZB;6-L8, N44;1 |
||
| 999 |
_c1438585 _d1438585 |
||